| 000 | 00502ntaaa2200181 4500 | ||
|---|---|---|---|
| 003 | 01 | ||
| 005 | 20251027201436.0 | ||
| 008 | 0714s1973 ag 01 | ||
| 040 |
_aAR-BaBN _bspa _cAR-BaBN _eaacr _dRIC |
||
| 082 | _a226.0000 T72 | ||
| 100 |
_aTrenchard, Ernesto _9568 |
||
| 245 | _aIntroducción al estudio de los Cuatro Evangelios | ||
| 250 |
_a1 ed. : _bLiteratura Bíblica, _c1961 |
||
| 300 | _a396 p. | ||
| 650 |
_aBiblia-Nuevo Testamento-Evangelios _96719 |
||
| 650 |
_aEvangelios _911989 |
||
| 942 | _cBK | ||
| 999 |
_c8954 _d8954 |
||